Segunda campaña a la sierra del Perú en 1821

Saved in:
Bibliografiske detaljer
Hovedforfatter: Arenales, José Ildefonso (Author)
Format: Bog
Sprog:spansk
Udgivet: Buenos Aires Administración General 1920
Fag:
Tags: Tilføj Tag
Ingen Tags, Vær først til at tagge denne postø!

MARC

LEADER 00000nam a2200000 a 4500
001 UCO3096
003 CL-VaPUC
008 000714e19200000AG |||||||||||||||||spa|d
082 0 4 |a 982.03  |b ARE  |2 21 
100 0 |a Arenales, José Ildefonso  |e author  |9 446954 
245 1 0 |a Segunda campaña a la sierra del Perú en 1821 
300 |a 284 p 
942 |c BK 
945 |d 20000714 00:00:00  |a rherrera 
260 |a Buenos Aires  |b Administración General  |c 1920 
650 7 |a HISTORIA DE ARGENTINA SIGLO 19  |2 CL-VaPUC  |9 378483 
650 7 |a INDEPENDENCIA ARGENTINA  |2 CL-VaPUC  |9 446955 
651 0 |a Argentina  |9 254888 
583 |a last modification  |c 20160829 01:51:39  |k Rodrigo Vera 
999 |c 289566  |d 289564 
952 |0 0  |1 0  |4 0  |6 982_030000000000000_ARE_1920  |7 0  |8 X  |9 338121  |a BIBHIS  |b BIBHIS  |d 2019-11-20  |i 128990K  |o 982.03 ARE 1920  |p 128990K  |r 2024-01-30  |w 2019-11-20  |y BK_X  |k HIS